The ethnic Chinese in Baguio and in the Cordillera Philippines : (Record no. 9863)
[ view plain ]
| 000 -LEADER | |
|---|---|
| fixed length control field | 00736nam a22001937a 4500 |
| 003 - CONTROL NUMBER IDENTIFIER | |
| control field | OSt |
| 005 - DATE AND TIME OF LATEST TRANSACTION | |
| control field | 20140310182142.0 |
| 008 - FIXED-LENGTH DATA ELEMENTS--GENERAL INFORMATION | |
| fixed length control field | 130829t xxu||||| |||| 00| 0 eng d |
| 050 ## - LIBRARY OF CONGRESS CALL NUMBER | |
| Classification number | DS 689.B2 |
| Item number | .C47 1997 |
| 082 ## - DEWEY DECIMAL CLASSIFICATION NUMBER | |
| Classification number | HS 959.9 |
| Item number | C42 1997 |
| 100 ## - MAIN ENTRY--PERSONAL NAME | |
| Personal name | Cheng, Charles L.; Bersamira, Katherine |
| 9 (RLIN) | 15330 |
| 245 ## - TITLE STATEMENT | |
| Title | The ethnic Chinese in Baguio and in the Cordillera Philippines : |
| Remainder of title | the untold story of pioneers / |
| Statement of responsibility, etc | Charles L. Cheng, Katherine Bersamira. |
| 260 ## - PUBLICATION, DISTRIBUTION, ETC. (IMPRINT) | |
| Place of publication, distribution, etc | Baguio City : |
| Name of publisher, distributor, etc | Unique Printing Press, |
| Date of publication, distribution, etc | c1997. |
| 300 ## - PHYSICAL DESCRIPTION | |
| Extent | 377 p. ; |
| Other physical details | ill. ; |
| Dimensions | 23 cm. |
| 650 ## - SUBJECT ADDED ENTRY--TOPICAL TERM | |
| Topical term or geographic name as entry element | Chinese |
| General subdivision | Philippines |
| -- | Baguio |
| -- | History |
| 9 (RLIN) | 15331 |
| 650 ## - SUBJECT ADDED ENTRY--TOPICAL TERM | |
| Topical term or geographic name as entry element | Chinese-- |
| General subdivision | Philippines |
| -- | Cordillera Administrative Region |
| -- | History |
| 9 (RLIN) | 15332 |
| 942 ## - ADDED ENTRY ELEMENTS (KOHA) | |
| Source of classification or shelving scheme | Library of Congress Classification |
| Withdrawn status | Lost status | Source of classification or shelving scheme | Damaged status | Home library | Current library | Shelving location | Date acquired | Total Checkouts | Full call number | Barcode | Date last seen | Copy number | Price effective from | Koha item type |
|---|---|---|---|---|---|---|---|---|---|---|---|---|---|---|
| Library of Congress Classification | Luxembourg Library | Luxembourg Library | High School Section | 08/29/2013 | DS 689.B2 .C47 1997 | 15025 | 08/29/2013 | 1 | 08/29/2013 | Books |